000 00658nam a2200241Ia 4500
005 20241216010040.0
008 180423s9999||||xx |||||||||||||| ||und||
020 _a0-201-51855-4
082 _a362
_bB57
100 _aBLAKE ROBERT R. Y OTROS
245 0 _aLA ESTRATEGIA PARA EL CAMBIO ORGANIZACIONAL
250 _a0
260 _aU.S.A.
_bADDISON WESLEY IBERO.S.A.
_c1991
300 _a262 pag.
_c21 cm
341 _h0
440 _aDESARROLLO ORGANIZA
490 _v0
_a0
505 _aORGANIACIONAL-CONFLICTOS ENTERGRUPALES/NEGOCIO-DESARROLLO
541 _aC
_d01-Feb-99
650 _aCIENCIAS SOCIALES
856 _zHumanidades
942 _cLIBRO
999 _c4176
_d4176